| 000 | 00660nam a2200133Ia 4500 | ||
|---|---|---|---|
| 008 | 220615s9999||||xx |||||||||||||| ||und|| | ||
| 100 | _aBagni, Marco||Borsetto, Elena||Costa, Francesca||Dalziel, Fiona||Mair, Olivia||Mastellotto, Lynn||Murphy, Amanda C.||Polli, Chiara||Quick, Emma||Ricci Garotti, Federica||Zanin, Renata | ||
| 245 | 0 |
_aEMI and Beyond _bInternationalising Higher Education Curricula in Italy |
|
| 546 | _aEnglish[eng] | ||
| 650 | _aItaly||Higher Education||English Teaching||Language Policies | ||
| 700 | _aMastellotto, Lynn||Zanin, Renata | ||
| 856 | _uhttps://library.oapen.org/bitstream/20.500.12657/51669/1/9788860461810.pdf | ||
| 942 | _cEB | ||
| 999 |
_c10399 _d10399 |
||